[Event "International chess holiday M21"]
[Site "?"]
[Date "2019.07.28"]
[Round "2"]
[White "Koller, Martin"]
[Black "Kasparova, Tatiana"]
[Result "1-0"]
[WhiteElo "1970"]
[BlackElo "2003"]
[Annotator "Doe,John"]
[PlyCount "49"]

1. d4 c5 2. d5 d6 3. Nc3 Nf6 4. Bg5 g6 5. e4 Bg7 6. f4 O-O 7. Qd2 a6 8.
a4 Nbd7 9. Nf3 Rb8 10. e5 Ne8 11. e6 fxe6 12. h4 Ndf6 13. h5 Nxh5 14. Bc4 Nc7
15. g4 Nf6 16. Qh2 h6 17. Qh4 Nxg4 18. Qxg4 exd5 19. Qh4 dxc4 20. Bxh6 e5 21.
Bg5 Qe8 22. O-O-O Qc6 23. Qh7+ Kf7 24. Bh6 Qxf3 25. Qxg7+ 1-0

[Event "International chess holiday M21"]
[Site "?"]
[Date "2019.07.29"]
[Round "3"]
[White "Ramanna, Jayaram"]
[Black "Koller, Martin"]
[Result "0-1"]
[WhiteElo "2067"]
[BlackElo "1970"]
[Annotator "Doe,John"]
[PlyCount "56"]

1. d4 Nf6 2. c4 Nc6 3. Nc3 e5 4. d5 Ne7 5. e4 Ng6 6. Nf3 Bc5 7. Bd3 O-O
8. O-O a6 9. Ne2 Nh5 10. Bg5 f6 11. Be3 b6 12. Qd2 a5 13. b3 Qe7 14. a3 Bxa3
15. g4 Bb4 16. Qc1 Nhf4 17. Nxf4 exf4 18. Bxf4 Ne5 19. Nxe5 fxe5 20. Bg5 Qe8
21. f4 exf4 22. Rxf4 d6 23. Bh4 Qe5 24. Rxf8+ Kxf8 25. Qf1+ Kg8 26. h3 Bd7 27.
Rb1 g5 28. Be1 Rf8 0-1

[Event "International chess holiday K21"]
[Site "?"]
[Date "2019.07.29"]
[Round "3"]
[White "Hadzala, Daniel"]
[Black "Ocelak, Jakub"]
[Result "1-0"]
[WhiteElo "2049"]
[BlackElo "1701"]
[Annotator "Doe,John"]
[PlyCount "157"]

1. Nf3 c5 2. g3 Nc6 3. Bg2 g6 4. O-O Bg7 5. d3 e5 6. e4 Nge7 7. c3 O-O
8. Re1 d6 9. Nbd2 h6 10. a4 Be6 11. Nc4 f5 12. Nfd2 d5 13. exd5 Bxd5 14. Bf1 b6
15. Ne3 Bf7 16. Qc2 Qd7 17. Nf3 f4 18. Ng2 fxg3 19. hxg3 Bd5 20. Nd2 Nf5 21.
Be2 Rf7 22. Ne4 Raf8 23. Ne3 Be6 24. Rf1 Nd6 25. Bd2 Bh3 26. Ng2 Be6 27. Rae1
Nf5 28. Qc1 Kh7 29. Kh2 Na5 30. Be3 Qxa4 31. Rh1 Nxe3 32. Qxe3 Qd7 33. Kg1 Kg8
34. Ra1 Bg4 35. Nh4 Bxe2 36. Qxe2 Qe6 37. Ng2 Rf3 38. Nf4 R3xf4 39. gxf4 Rxf4
40. Rh2 g5 41. Qh5 Rg4+ 42. Ng3 Rf4 43. Re1 Qd7 44. Qg6 Rf6 45. Qe4 Rf4 46. Qe3
Qg4 47. Kh1 Qd7 48. Ne4 Nc6 49. Qh3 g4 50. Qh5 Ne7 51. Ng3 Qxd3 52. Qe8+ Bf8
53. Rxe5 Qd1+ 54. Kg2 Rxf2+ 55. Kxf2 Qf3+ 56. Kg1 Qxg3+ 57. Rg2 Qxe5 58. Rxg4+
Kh7 59. Qxf8 Qe1+ 60. Qf1 Qe3+ 61. Qf2 Qxf2+ 62. Kxf2 h5 63. Re4 Ng6 64. Re8
Kh6 65. Ra8 b5 66. Rxa7 b4 67. Rc7 bxc3 68. bxc3 h4 69. Rxc5 Nf4 70. Rf5 Ng6
71. c4 Ne7 72. Rf7 Ng8 73. c5 Kg6 74. Rd7 Nf6 75. c6 Kg5 76. Rd1 Ne8 77. Rd8
Nc7 78. Rd7 Ne6 79. c7 1-0

[Event "International chess holiday K21"]
[Site "?"]
[Date "2019.07.29"]
[Round "3"]
[White "Feierfeil, Jiri"]
[Black "Oelmann, Henry"]
[Result "0-1"]
[WhiteElo "1662"]
[BlackElo "1951"]
[Annotator "Doe,John"]
[PlyCount "140"]

1. d4 Nf6 2. c4 e6 3. Nc3 Bb4 4. Qc2 c5 5. e3 O-O 6. Bd3 d6 7. a3 Bxc3+
8. bxc3 Nc6 9. Ne2 Qe7 10. e4 h6 11. O-O e5 12. d5 Na5 13. Ng3 b6 14. Rb1 Bd7
15. f4 Ng4 16. h3 exf4 17. Bxf4 Ne5 18. Bxe5 Qxe5 19. Nf5 Rae8 20. Rf3 Bxf5 21.
Rxf5 Qg3 22. Rf3 Qg5 23. Rbf1 Re5 24. Kh2 Qe7 25. Qd2 f6 26. g3 Nb7 27. g4 Rg5
28. Rf5 Nd8 29. R1f4 Nf7 30. h4 Rxf5 31. exf5 Ne5 32. Re4 Qb7 33. Be2 Qa6 34.
Qb2 Qa4 35. Kg3 Rb8 36. Kf4 Kf7 37. Ke3 a6 38. Kf4 Qd7 39. Qb3 b5 40. cxb5 axb5
41. a4 Qa7 42. Bxb5 c4 43. Qc2 Qg1 44. Qe2 Qc1+ 45. Re3 Rc8 46. Kg3 Rc7 47. Qe1
Qa3 48. Qd2 Re7 49. Re1 Qc5 50. Qe3 Qxd5 51. Qe4 Qxe4 52. Rxe4 Rc7 53. Rd4 Ke7
54. g5 Rc5 55. gxh6 gxh6 56. Kf4 d5 57. Rd2 Nd3+ 58. Ke3 Kd6 59. Rg2 Ke5 60.
Rg6 h5 61. Bd7 Rc7 62. Bb5 Kxf5 63. Rg8 Re7+ 64. Kd4 Nf4 65. Bc6 Rc7 66. Kc5
Ke5 67. Re8+ Kf5 68. a5 d4 69. cxd4 c3 70. Kb6 Ne6 necitelné 0-1

[Event "International chess holiday M21"]
[Site "?"]
[Date "2019.07.29"]
[Round "3"]
[White "Muzikar, Martin"]
[Black "Hapke, Ralf"]
[Result "1/2-1/2"]
[WhiteElo "1907"]
[BlackElo "1831"]
[Annotator "Doe,John"]
[PlyCount "30"]

1. e4 c5 2. Nf3 a6 3. d3 e6 4. g3 g6 5. Bg2 Bg7 6. O-O Ne7 7. c3 O-O 8.
Be3 d6 9. Ne1 Nbc6 10. f4 f5 11. Nd2 b6 12. Nef3 Rb8 13. Qe2 Re8 14. h4 d5 15.
e5 h5 1/2-1/2

[Event "International chess holiday M21"]
[Site "?"]
[Date "2019.07.29"]
[Round "3"]
[White "Kasparova, Tatiana"]
[Black "Vavrinec, Tomas"]
[Result "1-0"]
[WhiteElo "2003"]
[BlackElo "1994"]
[Annotator "Doe,John"]
[PlyCount "79"]

1. e4 e6 2. d4 d5 3. Nd2 Be7 4. e5 Nh6 5. Ndf3 Nf5 6. g4 Nh4 7. Nxh4
Bxh4 8. g5 Bxg5 9. Qg4 Bh6 10. Bxh6 gxh6 11. Qg7 Rf8 12. Qxh6 c5 13. Nf3 Qa5+
14. Qd2 Qxd2+ 15. Kxd2 b6 16. Rg1 Nc6 17. Bb5 Bd7 18. Bxc6 Bxc6 19. Ng5 Rh8 20.
c3 Ke7 21. Nh3 Rag8 22. Nf4 h5 23. Ke3 Be8 24. Rxg8 Rxg8 25. Nxh5 Rh8 26. Nf6
Rh3+ 27. Kf4 Rxh2 28. Kg3 Rh8 29. b4 cxb4 30. cxb4 Bb5 31. a4 Bd7 32. a5 b5 33.
Rc1 Rc8 34. Rxc8 Bxc8 35. Kf4 Bb7 36. Kg5 Bc6 37. Kh6 Kf8 38. f4 Ke7 39. Kg7
Be8 40. Ng8+ 1-0

[Event "International chess holiday M21"]
[Site "?"]
[Date "2019.07.29"]
[Round "3"]
[White "Vesely, Jaromir"]
[Black "Chudinovkikh, Alexander"]
[Result "0-1"]
[WhiteElo "1958"]
[BlackElo "2152"]
[Annotator "Doe,John"]
[PlyCount "40"]

1. d4 Nf6 2. c4 e6 3. Nc3 Bb4 4. e3 O-O 5. Nge2 Re8 6. a3 Bf8 7. Ng3 d5
8. Bd3 c5 9. O-O b6 10. cxd5 exd5 11. dxc5 bxc5 12. b3 Nc6 13. Bb2 Rb8 14. Rb1
Be6 15. Na4 d4 16. Bc4 Bxc4 17. bxc4 dxe3 18. fxe3 Qxd1 19. Rbxd1 Rxe3 20. Bxf6
gxf6 necitelné 0-1

[Event "International chess holiday M21"]
[Site "?"]
[Date "2019.07.29"]
[Round "3"]
[White "Rejlic, Michael"]
[Black "Kasparov, Sergey"]
[Result "0-1"]
[WhiteElo "1890"]
[BlackElo "2453"]
[Annotator "Doe,John"]
[PlyCount "150"]

1. e4 d5 2. exd5 Qxd5 3. Nc3 Qd6 4. d4 Nf6 5. Bc4 a6 6. a3 e6 7. Nf3 b5
8. Bb3 Bb7 9. O-O c5 10. dxc5 Qxd1 11. Rxd1 Nbd7 12. Be3 Nxc5 13. Ba2 Rc8 14.
Rac1 Ncd7 15. Ne2 Be7 16. Nf4 Bxf3 17. gxf3 Ne5 18. Kg2 Nc4 19. Bxc4 Rxc4 20.
Nd3 O-O 21. Ne5 Rc7 22. c4 bxc4 23. Nxc4 Rfc8 24. Nb6 Rxc1 25. Bxc1 Rc2 26. b4
Kf8 27. Be3 Ke8 28. Rb1 Bd8 29. a4 Bxb6 30. Bxb6 Nd5 31. Bd4 f6 32. b5 axb5 33.
axb5 Rc7 34. b6 Rb7 35. Kf1 Kd7 36. Ke1 e5 37. Bc5 Kc6 38. Rc1 Rd7 39. Be3+ Kb7
40. Rb1 Nxe3 41. fxe3 Rd6 42. Kf2 Rxb6 43. Rc1 Rc6 44. Ra1 Rc7 45. e4 Kc6 46.
Kg3 Kd6 47. Ra6+ Ke7 48. h4 h5 49. Ra3 Kf7 50. Ra8 g6 51. Rh8 Kg7 52. Re8 Kf7
53. Rh8 Re7 54. f4 Kg7 55. Rb8 Rd7 56. Rb3 exf4+ 57. Kxf4 Rd1 58. Rb7+ Kh6 59.
Rb6 Rg1 60. Rxf6 Rg4+ 61. Kf3 Rxh4 62. Rb6 Rh1 63. Rb5 Rf1+ 64. Kg2 Rf4 65. Re5
h4 66. Kh3 Kg7 67. Re8 Kf7 68. Re5 Kg7 69. Re6 Kh6 70. Re7 Kh5 71. e5 Re4 72.
e6 Re3+ 73. Kh2 g5 74. Rh7+ Kg6 75. Re7 Kf6 0-1

[Event "International chess holiday K21"]
[Site "?"]
[Date "2019.07.29"]
[Round "3"]
[White "Hapke, Yvonne"]
[Black "Feldvabl, Vilem"]
[Result "1/2-1/2"]
[WhiteElo "1792"]
[BlackElo "1676"]
[Annotator "Doe,John"]
[PlyCount "48"]

1. e4 e5 2. Nf3 Nf6 3. Nxe5 d6 4. Nf3 Nxe4 5. Nc3 Nxc3 6. dxc3 Be7 7.
Be3 Be6 8. Qd2 Qd7 9. O-O-O Nc6 10. Kb1 O-O-O 11. Nd4 a6 12. Be2 Bf6 13. Bf3
Nxd4 14. Bxd4 Bg4 15. Bxg4 Qxg4 16. Bxf6 gxf6 17. f3 Qg5 18. Qf2 Kb8 19. Rhe1
Rhe8 20. g3 Re6 21. f4 Qf5 22. Kc1 Rde8 23. Qf1 Qh5 24. Rxe6 fxe6 1/2-1/2

[Event "International chess holiday K21"]
[Site "?"]
[Date "2019.07.29"]
[Round "3"]
[White "Pelikan, Jaromir"]
[Black "Ruell, Michael"]
[Result "1/2-1/2"]
[WhiteElo "1760"]
[BlackElo "1711"]
[Annotator "Doe,John"]
[PlyCount "54"]

1. Nf3 Nf6 2. g3 g6 3. b3 Bg7 4. Bb2 O-O 5. Bg2 d6 6. d4 c5 7. c4 Bf5
8. Nc3 Nc6 9. dxc5 Ne4 10. Nxe4 Bxb2 11. Rb1 Bg7 12. Nfd2 dxc5 13. Rc1 Qa5 14.
O-O Rad8 15. Qe1 Qxa2 16. e3 Nb4 17. Rd1 Nd3 18. Qe2 Nc1 19. Qe1 Nxb3 20. Nxb3
Bxe4 21. Bxe4 Qxb3 22. Rb1 Qxc4 23. Bxb7 Rd6 24. Qa5 Rfd8 25. Qxa7 Qc2 26. Rbc1
Qb2 27. Rb1 Qc2 1/2-1/2

[Event "International chess holiday K21"]
[Site "?"]
[Date "2019.07.29"]
[Round "3"]
[White "Vit, Zdenek"]
[Black "Nelson, Wayne"]
[Result "1/2-1/2"]
[WhiteElo "1732"]
[BlackElo "1959"]
[Annotator "Doe,John"]
[PlyCount "76"]

1. e4 c6 2. d4 d5 3. Nc3 dxe4 4. Nxe4 Nd7 5. Nf3 Ngf6 6. Neg5 h6 7. Nh3
g6 8. Bd3 Bg7 9. c3 Nb6 10. Nf4 Nbd5 11. Ne5 Nxf4 12. Bxf4 O-O 13. Qd2 Kh7 14.
h4 Nd5 15. h5 Nxf4 16. Qxf4 Kg8 17. hxg6 fxg6 18. Qg3 g5 19. O-O-O Bf5 20. Ng4
Bxg4 21. Qxg4 Qd6 22. Qe4 Qf4+ 23. Qxf4 Rxf4 24. f3 b5 25. Rde1 Kf8 26. Re6 Rf6
27. Rhe1 Rxe6 28. Rxe6 Rc8 29. Be4 c5 30. Rc6 Rxc6 31. Bxc6 cxd4 32. cxd4 Bxd4
33. Bxb5 Kf7 34. b3 Kf6 35. g4 Ke5 36. Bc6 Kf4 37. Kd2 Bb6 38. Kd3 Ke5 1/2-1/2

[Event "International chess holiday M21"]
[Site "?"]
[Date "2019.07.30"]
[Round "4"]
[White "Hapke, Ralf"]
[Black "Koller, Martin"]
[Result "1/2-1/2"]
[WhiteElo "1831"]
[BlackElo "1970"]
[Annotator "Doe,John"]
[PlyCount "48"]

1. e4 Nc6 2. d4 e5 3. Nf3 exd4 4. Nxd4 Nf6 5. Nxc6 bxc6 6. e5 Qe7 7.
Qe2 Nd5 8. c4 Nb6 9. g3 Qe6 10. b3 Bb4+ 11. Bd2 Bxd2+ 12. Nxd2 O-O 13. Bg2 Re8
14. f4 f6 15. Nf3 a5 16. Kf2 a4 17. Rhe1 Qe7 18. Kf1 Qa3 19. Qc2 fxe5 20. Nxe5
Ba6 21. Be4 Rxe5 22. fxe5 Nd5 23. Bxd5+ cxd5 24. Kg1 dxc4 1/2-1/2

[Event "International chess holiday M21"]
[Site "?"]
[Date "2019.07.30"]
[Round "4"]
[White "Chudinovskikh, Alexander"]
[Black "Kasparova, Tatiana"]
[Result "1-0"]
[WhiteElo "2152"]
[BlackElo "2003"]
[Annotator "Doe,John"]
[PlyCount "54"]

1. Nf3 Nf6 2. c4 c5 3. Nc3 b6 4. e4 d6 5. g3 Bb7 6. d3 e6 7. Bg2 Be7 8.
O-O O-O 9. Nh4 Nfd7 10. f4 Nc6 11. Nf3 Nd4 12. Nxd4 cxd4 13. Ne2 e5 14. h4 a5
15. Kh2 Rb8 16. a4 Nc5 17. f5 Bf6 18. Ng1 Nd7 19. Bh3 Bc6 20. b3 Nc5 21. Ra2
Kh8 22. Rg2 g6 23. Nf3 gxf5 24. exf5 Qe7 25. Bh6 Rg8 necitelné
1-0

[Event "International chess holiday M21"]
[Site "?"]
[Date "2019.07.30"]
[Round "4"]
[White "Kasparov, Sergey"]
[Black "Vesely, Jaromir"]
[Result "1-0"]
[WhiteElo "2453"]
[BlackElo "1958"]
[Annotator "Doe,John"]
[PlyCount "77"]

1. e4 e6 2. d4 d5 3. Nd2 c5 4. exd5 exd5 5. Bb5+ Nc6 6. Ngf3 Bd6 7.
dxc5 Bxc5 8. O-O Nge7 9. Nb3 Bb6 10. h3 O-O 11. Bd3 Bf5 12. Re1 Qd6 13. Be3 d4
14. Bg5 f6 15. Bh4 Rad8 16. Bg3 Qd7 17. Bc4+ Kh8 18. Nh4 Nd5 19. Nxf5 Qxf5 20.
Bd3 Qd7 21. Qf3 f5 22. Bh4 Nce7 23. Re2 Rc8 24. Bxe7 Nxe7 25. Rae1 Nc6 26. Re6
g6 27. Qe2 Rf7 28. Bb5 Rcf8 29. Qc4 Rf6 30. Bxc6 bxc6 31. Re7 Qd5 32. Qxd5 cxd5
33. Rd7 R6f7 34. Rxd5 f4 35. Nxd4 Bxd4 36. Rxd4 f3 37. g4 h5 38. Kh2 hxg4 39.
hxg4 1-0

[Event "International chess holiday M21"]
[Site "?"]
[Date "2019.07.30"]
[Round "4"]
[White "Muzikar, Martin"]
[Black "Rejlic, Michael"]
[Result "1/2-1/2"]
[WhiteElo "1907"]
[BlackElo "1890"]
[Annotator "Doe,John"]
[PlyCount "70"]

1. d4 d5 2. c4 e6 3. Nc3 Nf6 4. Bg5 Be7 5. cxd5 exd5 6. e3 O-O 7. Bd3
c6 8. Nge2 Ne4 9. Bxe7 Nxc3 10. Bxd8 Nxd1 11. Be7 Nxb2 12. Bxh7+ Kxh7 13. Bxf8
Nd3+ 14. Kf1 Nb2 15. Ng3 b6 16. Ke2 Nd7 17. Bb4 a5 18. Bc3 Ba6+ 19. Kf3 Nc4 20.
a4 Nf6 21. e4 dxe4+ 22. Nxe4 Nxe4 23. Kxe4 Re8+ 24. Kf3 Re6 25. h3 b5 26. d5
cxd5 27. axb5 Bxb5 28. Rhe1 Rd6 29. Bxa5 d4 30. Kg3 d3 31. Bc3 d2 32. Bxd2 Nxd2
33. Ra7 Rg6+ 34. Kh2 Bc6 35. Rg1 Kg8 1/2-1/2

[Event "International chess holiday M21"]
[Site "?"]
[Date "2019.07.30"]
[Round "4"]
[White "Vavrinec, Tomas"]
[Black "Ramanna, Jayaram"]
[Result "1/2-1/2"]
[WhiteElo "1994"]
[BlackElo "2067"]
[Annotator "Doe,John"]
[PlyCount "104"]

1. c4 e5 2. Nc3 Nf6 3. Nf3 Nc6 4. g3 Bb4 5. Bg2 O-O 6. O-O Bxc3 7. bxc3
d6 8. d3 h6 9. Rb1 Rb8 10. Ne1 Bd7 11. Nc2 Re8 12. Ne3 e4 13. Nd5 exd3 14. exd3
b6 15. Bf4 Nxd5 16. cxd5 Ne5 17. d4 Ng6 18. Be3 f5 19. Qd3 Qf6 20. Bd2 f4 21.
Be4 Rxe4 22. Qxe4 Bf5 23. Qe2 Bxb1 24. Rxb1 Qf7 25. Qe6 Re8 26. Qxf7+ Kxf7 27.
Kg2 Kf6 28. Kf3 Kf5 29. Rg1 Re7 30. h4 fxg3 31. fxg3 Kf6 32. h5 Nh8 33. Rf1 Kf7
34. c4 g6 35. Bxh6 gxh5 36. Bg5 Re8 37. Bf4 Ng6 38. Be3 Ne7 39. Bf4 Nf5 40. Rd1
Kg6 41. a4 Re7 42. Bc1 Kf6 43. Bf4 Kf7 44. Bg5 Re8 45. Bf4 Kf6 46. Bc1 a6 47.
Bf4 Rb8 48. Ke4 Re8+ 49. Kf3 Kg6 50. Bc1 Kf6 51. Bf4 Rg8 52. Rd3 Re8 1/2-1/2

[Event "International chess holiday K21"]
[Site "?"]
[Date "2019.07.30"]
[Round "4"]
[White "Ruell, Michael"]
[Black "Hadzala, Daniel"]
[Result "1/2-1/2"]
[WhiteElo "1711"]
[BlackElo "2049"]
[Annotator "Doe,John"]
[PlyCount "62"]

1. d4 Nf6 2. Bf4 g6 3. Nc3 d6 4. e4 Bg7 5. Qd2 c6 6. O-O-O Qa5 7. e5
dxe5 8. dxe5 Nh5 9. Bc4 Nxf4 10. Qxf4 O-O 11. Nf3 Na6 12. Ng5 Bf5 13. Qh4 h6
14. Nxf7 Rxf7 15. Qxe7 Raf8 16. g4 Bxg4 17. Rd4 Bf5 18. Rhd1 b5 19. Bxf7+ Rxf7
20. Rd8+ Bf8 21. Qe8 Nc7 22. Qxc6 b4 23. Nd5 Nxd5 24. R1xd5 Qxa2 25. e6 Qa1+
26. Kd2 Bxe6 27. Qxe6 Qg1 28. R5d7 Qxf2+ 29. Kc1 Qf1+ 30. Kd2 Qf2+ 31. Kc1 Qf1+
1/2-1/2

[Event "International chess holiday K21"]
[Site "?"]
[Date "2019.07.30"]
[Round "4"]
[White "Feldvábl, Vilem"]
[Black "Ocelak, Jakub"]
[Result "0-1"]
[WhiteElo "1676"]
[BlackElo "1701"]
[Annotator "Doe,John"]
[PlyCount "54"]

1. d4 d5 2. c4 e6 3. Nf3 c6 4. e3 f5 5. b3 Nf6 6. Nbd2 Bd6 7. Bb2 O-O
8. c5 Bc7 9. Be2 Ne4 10. Qc2 Rf6 11. Nxe4 fxe4 12. Ne5 Nd7 13. Nxd7 Bxd7 14. f4
exf3 15. Bxf3 Rh6 16. h3 Qh4+ 17. Ke2 Re8 18. Bg4 Qg3 19. Kd3 Rf6 20. Rhf1 Ref8
21. Rxf6 Rxf6 22. Bf3 e5 23. Bg4 Bxg4 24. hxg4 e4+ 25. Kc3 Qxe3+ 26. Kb4 Rf2
27. Qc3 Qe2 0-1

[Event "International chess holiday K21"]
[Site "?"]
[Date "2019.07.30"]
[Round "4"]
[White "Oelmann, Henry"]
[Black "Pelikan, Jaromir"]
[Result "1/2-1/2"]
[WhiteElo "1951"]
[BlackElo "1760"]
[Annotator "Doe,John"]
[PlyCount "80"]

1. d4 Nf6 2. c4 g6 3. Nc3 d5 4. cxd5 Nxd5 5. e4 Nxc3 6. bxc3 Bg7 7. Nf3
c5 8. Rb1 O-O 9. Be2 Nc6 10. d5 Ne5 11. Nxe5 Bxe5 12. Qd2 b6 13. f4 Bg7 14. O-O
e6 15. c4 Bd4+ 16. Kh1 Bb7 17. Bb2 Bxb2 18. Qxb2 f5 19. exf5 exf5 20. Rbe1 Qf6
21. Qxf6 Rxf6 22. Bf3 Rd8 23. Re5 Kf8 24. Rfe1 Rf7 25. R1e3 Rdd7 26. Re8+ Kg7
27. R3e5 Rf8 28. R8e6 Rf6 29. h4 h5 30. Kg1 Ba6 31. Be2 Rxe6 32. Rxe6 Kf7 33.
Kf2 Re7 34. Rxe7+ Kxe7 35. Ke3 Kd6 36. Kd2 Bc8 37. Bd1 Bd7 38. Kc3 a5 39. Kb2
b5 40. Kc3 b4+ 1/2-1/2

[Event "International chess holiday K21"]
[Site "?"]
[Date "2019.07.30"]
[Round "4"]
[White "Hapke, Yvonne"]
[Black "Vit , Zdenek"]
[Result "0-1"]
[WhiteElo "1792"]
[BlackElo "1732"]
[Annotator "Doe,John"]
[PlyCount "90"]

1. e4 e5 2. Nf3 Nc6 3. d4 exd4 4. Nxd4 Bc5 5. Nb3 Bb6 6. Nc3 Qf6 7. Qe2
Nge7 8. Be3 Bxe3 9. Qxe3 a6 10. O-O-O O-O 11. Kb1 d6 12. f4 b5 13. h3 b4 14.
Nd5 Nxd5 15. exd5 Ne7 16. g4 Ng6 17. f5 Ne5 18. Na5 Bd7 19. Bg2 Rfb8 20. Rhf1
h6 21. Nc6 Bxc6 22. dxc6 a5 23. Bd5 a4 24. Qf4 a3 25. Qd4 Ra5 26. Bb3 Rc5 27.
bxa3 bxa3 28. Rfe1 Rc4 29. Qa1 Rxc6 30. Rxe5 Qxe5 31. Qxe5 dxe5 32. Kc1 Rd6 33.
Re1 Rbd8 34. c4 Re8 35. Ba4 Re7 36. Kc2 f6 37. Re3 c5 38. Bb5 Ra7 39. Rb3 Kf7
40. Re3 Ke7 41. Re1 Rd4 42. Kc3 Kd6 43. Kc2 e4 44. Re3 Ke5 45. Kc3 Kf4 0-1

[Event "International chess holiday K21"]
[Site "?"]
[Date "2019.07.30"]
[Round "4"]
[White "Nelson, Wayne"]
[Black "Feierfeil, Jiri"]
[Result "1-0"]
[WhiteElo "1959"]
[BlackElo "1662"]
[Annotator "Doe,John"]
[PlyCount "111"]

1. d4 Nf6 2. Bg5 e6 3. e3 d5 4. Bd3 Be7 5. Nd2 O-O 6. f4 c5 7. c3 Nc6
8. Ngf3 c4 9. Bc2 b5 10. Ne5 Qc7 11. a3 a5 12. O-O g6 13. e4 dxe4 14. Nxc6 Qxc6
15. Bxf6 Bxf6 16. Bxe4 Qa6 17. Bxa8 Qxa8 18. Qe2 Bb7 19. Nf3 Be4 20. Qe3 a4 21.
Rae1 Bb7 22. Re2 Rd8 23. Ne5 Bg7 24. Qg3 Be4 25. Rfe1 Bd5 26. h4 Qb7 27. Re3
Qe7 28. h5 Qf6 29. Qg5 h6 30. Qxf6 Bxf6 31. hxg6 Bxe5 32. gxf7+ Kxf7 33. fxe5
Rg8 34. Rf1+ Ke7 35. Rf2 Rg5 36. Kh2 Rg7 37. Rg3 Rh7 38. Kh3 Be4 39. Rg8 h5 40.
Rb8 Bc6 41. Kh4 Kd7 42. g3 Ke7 43. Rff8 Rg7 44. Rh8 Bf3 45. Rxb5 Rg4+ 46. Kh3
Kf7 47. Rh7+ Kg6 48. Rh8 Bd1 49. Rg8+ Kf5 50. Rxg4 hxg4+ 51. Kg2 Ke4 52. Kf2
Bc2 53. d5 exd5 54. e6 Ke5 55. e7 Bg6 56. Rb8 1-0

[Event "International chess holiday M21"]
[Site "?"]
[Date "2019.07.30"]
[Round "5"]
[White "Martin, Koller"]
[Black "Tomas, Vavrinec"]
[Result "1-0"]
[WhiteElo "1970"]
[BlackElo "1994"]
[Annotator "Doe,John"]
[PlyCount "89"]

1. d4 Nf6 2. Bg5 Ne4 3. Bf4 c5 4. f3 Qa5+ 5. c3 Nf6 6. d5 d6 7. e4 g6
8. Na3 Bg7 9. Nc4 Qd8 10. a4 O-O 11. Qd2 Nbd7 12. Bh6 Ne5 13. h4 Rb8 14. h5 b6
15. hxg6 fxg6 16. Bxg7 Kxg7 17. Qh6+ Kg8 18. Nh3 Bxh3 19. Qxh3 Qd7 20. Nxe5
Qxh3 21. Rxh3 dxe5 22. Bc4 Kg7 23. g4 h5 24. gxh5 Rh8 25. h6+ Rxh6 26. Rxh6
Kxh6 27. Ke2 Nh5 28. Rh1 Kg5 29. Ke3 Kf6 30. Ba6 Kg7 31. b4 Nf6 32. Rb1 cxb4
33. cxb4 Ne8 34. Rc1 Kf7 35. Bb5 Nd6 36. Bd7 Kg7 37. b5 Rb7 38. Be6 Rb8 39. f4
exf4+ 40. Kxf4 Rf8+ 41. Ke3 Ra8 42. Rc7 Kf8 43. e5 Ne8 44. d6 Ng7 45. dxe7+ 1-0

[Event "International chess holiday M21"]
[Site "?"]
[Date "2019.07.30"]
[Round "5"]
[White "Jayaram, Ramanna"]
[Black "Chudinovskikh, Alexander"]
[Result "1/2-1/2"]
[WhiteElo "2067"]
[BlackElo "2152"]
[Annotator "Doe,John"]
[PlyCount "28"]

1. e4 e5 2. Nf3 Nc6 3. Bc4 Nf6 4. d3 Be7 5. O-O O-O 6. Re1 d6 7. a4 Nd4
8. Nxd4 exd4 9. c3 dxc3 10. bxc3 c6 11. Ba3 Be6 12. Nd2 d5 13. Bxe7 Qxe7 14.
Bb3 dxe4 1/2-1/2

[Event "International chess holiday M21"]
[Site "?"]
[Date "2019.07.30"]
[Round "5"]
[White "Rejlic, Michael"]
[Black "Hapke, Ralf"]
[Result "1/2-1/2"]
[WhiteElo "1890"]
[BlackElo "1831"]
[Annotator "Doe,John"]
[PlyCount "34"]
[TimeControl "240+2"]

1. e4 c5 2. c3 e6 3. d4 d5 4. exd5 Qxd5 5. Nf3 Nf6 6. Be3 b6 7. Na3 Be7
8. Bc4 Qb7 9. dxc5 bxc5 10. O-O O-O 11. Qc2 Nc6 12. Rfd1 Bd7 13. Bd3 h6 14. Nc4
Rfd8 15. Rd2 Nd5 16. Rad1 Nxe3 17. Nxe3 Be8 1/2-1/2

[Event "International chess holiday M21"]
[Site "?"]
[Date "2019.07.30"]
[Round "5"]
[White "Kasparova, Tatiana"]
[Black "Kasparov, Sergey"]
[Result "0-1"]
[WhiteElo "2003"]
[BlackElo "2453"]
[Annotator "Doe,John"]
[PlyCount "54"]
[TimeControl "240+2"]

1. d4 Nf6 2. c4 c5 3. d5 b5 4. cxb5 a6 5. bxa6 g6 6. Nc3 Bg7 7. Nf3 O-O
8. e3 Qa5 9. Bd2 Bxa6 10. Be2 d6 11. O-O Bxe2 12. Nxe2 Qa6 13. Bc3 Nbd7 14. Nf4
Nb6 15. b3 Qb7 16. e4 Nxe4 17. Bxg7 Kxg7 18. Qd3 Nf6 19. Rfd1 Ra3 20. h4 Rfa8
21. h5 c4 22. Qd4 cxb3 23. axb3 Rxa1 24. Rxa1 Rxa1+ 25. Qxa1 Nbxd5 26. Nxd5
Qxd5 27. hxg6 hxg6 0-1

[Event "International chess holiday M21"]
[Site "?"]
[Date "2019.07.30"]
[Round "5"]
[White "Vesely, Jaromir"]
[Black "Muzikár, Martin"]
[Result "1-0"]
[WhiteElo "1958"]
[BlackElo "1907"]
[Annotator "Doe,John"]
[PlyCount "91"]
[TimeControl "240+2"]

1. d4 d5 2. c4 e6 3. Nc3 Nf6 4. Nf3 Bb4 5. a3 Bxc3+ 6. bxc3 Ne4 7. Qc2
O-O 8. e3 Nd7 9. Bd3 f5 10. O-O Ndf6 11. Ne5 Nd7 12. Nxd7 Bxd7 13. f3 Nd6 14.
c5 Nf7 15. e4 g6 16. c4 dxe4 17. fxe4 b6 18. c6 Bxc6 19. d5 Ne5 20. Bb2 Nxd3
21. Qxd3 exd5 22. Qd4 Qe7 23. exd5 Qc5 24. Qxc5 bxc5 25. dxc6 Rab8 26. Be5 Rb6
27. Rad1 Rxc6 28. Rd7 Rf7 29. Rfd1 h5 30. Rd8+ Rf8 31. R1d7 Rxd8 32. Rxd8+ Kf7
33. Rd7+ Ke6 34. Rxc7 Ra6 35. Rxc5 Rxa3 36. g3 Ra2 37. Bf4 a5 38. Rc6+ Kf7 39.
c5 a4 40. Ra6 a3 41. c6 Rc2 42. c7 g5 43. Be5 Ke8 44. Rxa3 Kd7 45. Rd3+ Kc8 46.
Rd8+ 1-0

[Event "International chess holiday K21"]
[Site "?"]
[Date "2019.07.30"]
[Round "5"]
[White "Hadzala, Daniel"]
[Black "Oelmann"]
[Result "1-0"]
[WhiteElo "2049"]
[BlackElo "1951"]
[Annotator "Doe,John"]
[PlyCount "73"]
[TimeControl "240+2"]

1. Nf3 d5 2. g3 c6 3. Bg2 Bg4 4. c4 e6 5. O-O Nd7 6. Qc2 Ngf6 7. d3
dxc4 8. Qxc4 Bxf3 9. Bxf3 Ne5 10. Qf4 Bd6 11. Qe3 Nd5 12. Bxd5 cxd5 13. Nc3 O-O
14. f4 Nc6 15. Qf3 Rc8 16. Rb1 f6 17. Bd2 a6 18. Rfd1 b5 19. e4 d4 20. Ne2 e5
21. f5 Qe7 22. g4 Bb4 23. Bc1 Bd6 24. Kh1 Nb4 25. Rg1 g5 26. fxg6 hxg6 27. Bh6
Rf7 28. Rbc1 Rxc1 29. Rxc1 Qd7 30. a3 Nc6 31. Bd2 g5 32. Ng3 Ne7 33. Nh5 Qe6
34. Rf1 Ng6 35. Nxf6+ Kh8 36. Qh3+ Nh4 37. Bxg5 1-0

[Event "International chess holiday K21"]
[Site "?"]
[Date "2019.07.30"]
[Round "5"]
[White "Vit, Zdenek"]
[Black "Feldvábl, Vilem"]
[Result "1/2-1/2"]
[WhiteElo "1732"]
[BlackElo "1676"]
[Annotator "Doe,John"]
[PlyCount "44"]
[TimeControl "240+2"]

1. e4 e5 2. Nf3 Nf6 3. Nxe5 d6 4. Nf3 Nxe4 5. d4 d5 6. Bd3 Bf5 7. O-O
Be7 8. Re1 O-O 9. c4 c6 10. a3 b6 11. Qc2 Bg6 12. cxd5 cxd5 13. Ne5 Nf6 14.
Nxg6 hxg6 15. Nc3 a6 16. h3 Ra7 17. Be3 Bd6 18. Rac1 b5 19. Qd2 Nbd7 20. Re2
Nb6 21. Bf4 Bxf4 22. Qxf4 Re7 1/2-1/2